Economic Incentives in Public Health Policy
Analyzované stimuly vo forme daní z cukru. Daň z cukru ako jeden zo stimulov na zvýšenie kvality života obyvateľov krajiny. Implementácia dane z cukru do právneho systému.
Salvato in:
| Autore principale: | |
|---|---|
| Altri autori: | |
| Natura: | Capitolo di libro |
| Lingua: | inglese |
| Soggetti: | |
| Tags: |
Nessun Tag, puoi essere il primo ad aggiungerne!!
|
MARC
| LEADER | 00000naa$a2200000$$$4500 | ||
|---|---|---|---|
| 001 | 0268787 | ||
| 005 | 20240502074219.0 | ||
| 041 | 0 | |a eng | |
| 044 | |a SK | ||
| 245 | 1 | 0 | |a Economic Incentives in Public Health Policy |c Jana Bellová, Cecília Olexová |
| 520 | |a Analyzované stimuly vo forme daní z cukru. Daň z cukru ako jeden zo stimulov na zvýšenie kvality života obyvateľov krajiny. Implementácia dane z cukru do právneho systému. | ||
| 610 | 2 | 0 | |a politika fiškálna |
| 610 | 2 | 0 | |a cukor |
| 610 | 2 | 0 | |a systémy právne |
| 610 | 2 | 0 | |a zdravie |
| 610 | 2 | 0 | |a dane |
| 610 | 2 | 0 | |a politika zdravotná |
| 610 | 2 | 0 | |a stimuly ekonomické |
| 100 | 1 | |a Bellová, Jana | |
| 700 | 1 | |a Olexová, Cecília, 1976- | |